Normal view
MARC view
Entry Personal Name
001 - CONTROL NUMBER
- control field: 72565
003 - CONTROL NUMBER IDENTIFIER
- control field: OSt
005 - DATE AND TIME OF LATEST TRANSACTION
- control field: 20180501163248.0
008 - FIXED-LENGTH DATA ELEMENTS
- fixed length control field: 180501|| aca||aabn | a|a d
040 ## - CATALOGING SOURCE
- Original cataloging agency: OSt
- Transcribing agency: OSt
100 ## - HEADING--PERSONAL NAME
- Personal name: Sinha, Ratna
670 ## - SOURCE DATA FOUND
- Source citation: Work cat.: (OSt): Sinha, Ratna, Fotty Essays on Indological Studies A Collection from the Works of P C Bagchi, 2014









